00700nam a2200241 a 4500001001300000003000900013005001700022008004100039020001100080082001600091100002500107245004600132260004400178300000800222500003500230505001000265650001600275700002500291902000800316942000700324952011200331999001500443nice12345678IN_TiNIC20260116011725.0050524s1970 bana grp 000 0 urd  ac0.7500a297.7bNAD2 aNadwi, M Shahabuddin aQuran Ka Paigham Hindi Musalmanon Ke Naam aBangalorebFurqania Academy Trustc1970 a48p aincludes index and biblioraphy2 aIndex aDawah-Islam1 aNadwi, M Shahabuddin bSRS cBK 001040708StackRoom-aHMIbHMId2007-07-12g0.75l0o297.7 NAD2p05948r2007-07-12v0.75w2005-05-24yBK c3548d3548